000 00555nam a22002057a 4500
003 MPLRDC
005 20220104202906.0
008 210129b ||||| |||| 00| 0 eng d
020 _a978-967-0745-16-9
082 _a947.416 XYL-2 v.11
100 _a徐有利
245 _a漫画故事. 11
_c
250 _a初版一刷
260 _a马来西亚
_b品口动漫有限公司
_c2015
300 _b
490 _a哥妹倆
520 _a新书上架 2018-04-17。
650 _a短篇连环漫画(5册以下)
942 _cBK
_o947.416 XYL-2 v.11
999 _c67859
_d67849